00673nam a2200121Ia 4500008004100000082002100041100002400062245014000086260003900226365000600265630014000271730014000411100415s9999 xx 000 0 und d b14707a639.9(60) aHedberg Olov (ed.) aConservation of Vegetation in Africa south of the sahara : Procedings of a Symposium Held at the 6th Plenary Meeting of the Association aUPPSALAc1968bALMQVIST & WICKSELL b0 aConservation of Vegetation in Africa south of the sahara : Procedings of a Symposium Held at the 6th Plenary Meeting of the Association aConservation of Vegetation in Africa south of the sahara : Procedings of a Symposium Held at the 6th Plenary Meeting of the Association